000 00645nam a2200229 a 4500
001 BRL_555
005 20190320210810.0
008 030913s1964----mx-a######---#000-0#spa-#
041 _aspa
044 _amx
050 4 _aF1435.3
_b.C67 1964
100 1 _aCordan, Wolfgang
_d1909-1966
_924283
245 1 0 _aLa clave de los glifos mayas
_cWolfgang Cordan.
260 _aMérida, Yuc., México
_bEdiciones de la Universidad de Yucatán
_c1964
300 _a66 p.
_bil.
_c24 cm.
440 0 _aSerie Origo
_924284
500 _aAu594
504 _aBibliografía: p. [67-68]
650 1 4 _aMaya
_xEscritura
_923544
902 _aGRL
942 _2lcc
_cB
999 _c9367
_d9367